Villes dans les titres de films - Statistiques

Statistiques générales
  • Ce quiz a été pris 332 fois
  • Le résultat moyen est 21 sur 50
Statistiques - réponses
Prénoms Films Années % Correct
Paris ______ brûle-t-il ? 1966
94%
Saint Tropez Le gendarme de ______ - _____ 1964
93%
Bergerac Cyrano de ________ 1990
90%
Nice Brice de _______ 2005
88%
Le Caire OSS 117, __ _____ nid d'espions 2006
81%
Cherbourg Les parapluies de ________ 1964
80%
Rochefort Les demoiselles de ________ 1967
77%
Rio OSS 117, ______ ne répond plus 2009
72%
Neuilly _______ sa mère ! 2009
71%
Beverly Hills Le flic de _______ ______ 1984
68%
Budapest The Grand _______ Hotel 2014
68%
Moscou Twist again à ________ 1986
64%
New York Un jour de pluie à ____ - _____ 2019
64%
Bagdad _______ Café 1987
61%
Rome ______, ville ouverte 1945
57%
Seattle Nuits blanches à ________ 1993
55%
Las Vegas ____ ____ parano 1998
50%
Madison Sur la route de ________ 1995
49%
Lyon La sortie de l'usine Lumière à ______ 1895
47%
Pont Aven Les galettes de ____-_____ 1975
47%
Venise Mort à ________ 1971
46%
Dallas _______ buyers club 2014
43%
Barcelona Vicky Cristina ________ 2008
42%
Pékin Les 55 jours de _______ 1963
42%
Tobrouk Un taxi pour _______ 1961
42%
Berlin La scandaleuse de _______ 1948
41%
Hiroshima _________ mon amour 1959
39%
Boston L'étrangleur de _______ 1968
38%
Marseille Honoré de ________ 1956
34%
Manchester _________ by the sea 2016
31%
Nantes Jacquot de _______ 1991
28%
Bruges Bons baisers de _______ 2008
27%
Versailles Si _______ m'était conté ... 1954
27%
Kaboul Les Cerfs-volants de _______ 2007
26%
Münchausen Les Aventures du baron de ________ 1988
25%
Alger La bataille d'_______ 1966
24%
Shanghai La dame de ________ 1947
22%
Anvers Dédée d' _______ 1948
20%
Dublin Gens de _______ 1987
20%
Milan Miracle à ________ 1951
20%
Oslo _______, 31 Août 2011
20%
Roubaix _______, une lumière 2019
18%
Marienbad L'année dernière à _________ 1961
17%
Nuremberg Jugement à _________ 1961
14%
Canterbury Les contes de ________ 1972
10%
Clichy Jours tranquilles à _______ 1990
7%
Bourges Le franciscain de ________ 1968
6%
Pondichéry Montparnasse - _________ 1993
5%
Santa Fé La piste de ______ ___ 1940
4%
Åmål Fucking _______ 1998
2%
Aucun quiz correspondant
Distribution des résultats
% des personnes avec chaque résultat
Percentile par nombre de réponses
Votre historique - résultats
Vous n’avez pas pris ce quiz